| 000 | 01163cam a2200241 4500 | ||
|---|---|---|---|
| 001 | WB3804-07 | ||
| 008 | 020130n2002 000 0 eng u | ||
| 035 | _a(Sirsi) u116549 | ||
| 245 | _aMuck to cost more brass | ||
| 260 | _c2002 | ||
| 490 |
_aEstates Gazette _v(0204) 26 January 2002, 62(10 |
||
| 520 | _aFollowing an EU ruling, that DEFRA has not fully implemented the EC Nitrates Directive 1991, UK farmers will have to take further measures to reduce nitrate pollution. The anti-pollution measures will affect more of the country, upsetting land values and cropping patterns. The measures will include limiting and controlling nitrogen fertiliser use to crop use only and limiting and controlling the spread of organic manure. The consultation paper proposals are available on the DEFRA web site at: http://www.defra.gov.uk/corporate/consult/current.htm | ||
| 590 | _aWB | ||
| 650 | _aNITRATE POLLUTION | ||
| 650 | _aLAND VALUES | ||
| 650 | _aNITRATE VULNERABLE ZONES | ||
| 650 | _aLIVESTOCK FARMING | ||
| 650 | _aDEFRA | ||
| 650 | _aCONSULTATION | ||
| 650 | _aEUROPEAN COURT OF JUSTICE | ||
| 690 | _aENVIRONMENT-CONTAMINATION | ||
| 942 | _n0 | ||
| 999 |
_c69404 _d69404 |
||